000 00428pab a2200169 454500
008 180718b2009 xxu||||| |||| 00| 0 eng d
100 _aBeech, Matt
245 _aNo new vision: the gradual death of British social democracy?
260 _c2009
300 _ap.526-32.
362 _aOct-Dec
650 _aDemocracy - Great Britain
650 _aDemocracy
773 _aPolitical Quarterly
908 _aN
909 _a85369
999 _c85369
_d85369